000 01451njm a2200397 c 4500
003 BLK
005 20240523131547.0
008 180410b bul||n||s|||||||| n|bulo|
010 _aCDD00001348000
040 _aBLK
041 _aENG
_cENG
080 _aКонцерт за флейта и оркестър
_b785.6:788.5
_z785.6:788.5
100 1 _aDevienne, Francois
_eпърви автор
_98440
139 _aДевиен, Франсоа
_bD 49
245 1 0 _aConcertos for Flute and Orchestra [CD аудио]
_cFrancois Devienne; * Франсоа Девиен.
257 _aDEU
260 _bGema 7709
_c2006
300 _c12 см. Stereo
_fбр. в к-т
_g1 CD
306 _a72 мин., 58 сек.
380 _a7
490 1 _aFamous Composers
_v12
505 _gNr.2 : D-Major
_tConcerto For Flute and Orchestra
505 _gNr.4 : G-Major
_tConcerto for Flute and Orchestra
505 _gNr.5 : G-Major
_tConcerto for Flute and Orchestra
505 _gNr.7 : e-minor
_rфлейта Claudi Arimany; Gdansk Symphonic Orchestra; диригент Janusz Przybylsky.
_tConcerto for Flute and Orchestra
653 _aконцерти
653 _aфлейта
700 1 _aДевиен, Франсоа
_e*
_959248
852 _aЦб CD 1532
_p4
856 4 _qpdf
_u
856 4 _qpdf
_u
942 _cCDD
_n0
944 _aCR
_c25.10.2010
_k30545
_lНора Радева
944 _aED
_c02.11.2010
999 _c219009
_d219009
999 _d219009